Statistiques concernant Quiz sur l'Ardèche

Cliquez ici pour prendre le quiz!

Statistiques générales

  • Ce quiz a été pris 177 fois
    (154 depuis la dernière actualisation)
  • Le résultat moyen est 16 sur 28

Statistiques - réponses

QuestionRéponse% Correct
Chiffre du département07
97%
PréfecturePrivas
94%
Aire urbaine la plus peupléeAubenas
85%
Sous Préfecture 2Tournon Sur Rhône
82%
Fleuve séparant la Drome de l'ArdècheRhône
81%
Départements frontaliers dont le numéro est avant 40Gard / Drome / Isère
77%
Ville s'écrivant comme la planète ainsi que le mois (300 habitants)Mars
76%
Ville la plus peupléeAnnonay
74%
Départements frontaliers dont le numéro est après 40Loire / Haute Loire / Lozère / Vaucluse
73%
Ce fruit est l'emblème de la préfectureMarron
69%
Site mondialement connu et prisé des touristesVallon Pont d'arc
69%
Autres rivièresArdèche / Turzon / Mezayon / Doux / Eyrieux / Ouvèze
67%
Spécialité SucréesBugne / Châtaigne
62%
Spécialité SaléesCaillette / Bombine / Crique / Picodon
61%
Trous célèbres à visiterGrotte Chauvet / Aven d'Orgnac
61%
Ce ballon a air a vu son premier vol en 1782Montgolfière
54%
1,78 millions d'habitant au Canada mais moins de 600 iciMontreal
54%
Particularité de l'Ardèche (elle n'en possède pas)Autoroutes / Gare SNCF
52%
Il à chanté "La Montagne"Jean Ferrat
52%
Des centrales nucléaires y sont installéesCruas
51%
La Loire y prend sa sourceMont Gerbier de Jonc
50%
Sous Préfecture 1Largentière
43%
Usine connue mondialement à la fabrication de ce dernierClément Faugier
36%
On peut y skier (le précédent n'y est pas)Mont Mezenc / Croix de Bauzon / Areilladou
36%
Seule ville du département à jouer en National sportivement (handball)Le Pouzin
25%
Hugo Riboulet, vainqueur de Top Chef 2023 est né la basChomerac
15%
Village a 1329m d'altitude où l'on peut voir le Mont BlancLachamp Raphaël
15%
Musée de l'Alambic se situe dans cette villeSaint Désirat
15%

Distribution des résultats

Percentile par nombre de réponses

% des personnes avec chaque résultat

Votre développement - résultats

Vous n’avez pas pris ce quiz depuis la dernière actualisation